Powiaty w Kujawsko Pomorskim - Statystyki

Ogólne statystyki
  • Ten quiz został rozwiązany 56 razy
  • Średni wynik to 17 z 23
Statystyki odpowiedzi
Powiaty % Poprawnych
Toruń
100%
Grudziądz
95%
bydgoski
93%
Bydgoszcz
93%
toruński
93%
włocławski
93%
Włocławek
91%
grudziądzki
89%
inowrocławski
89%
nakielski
80%
świecki
73%
aleksandrowski
70%
chełmiński
66%
żniński
66%
brodnicki
61%
radziejowski
61%
mogileński
59%
golubsko-dobrzyński
57%
sępoleński
57%
tucholski
57%
lipnowski
55%
rypiński
55%
wąbrzeski
52%
Nie znaleziono quizów pasujących do podanych kryteriów
Rozkład punktacji
Procent ludzi z każdym wynikiem
Percentyl według liczby udzielonych odpowiedzi
Twoja historia wyników
Nie rozwiązałeś tego quizu